000 00723nam a2200181 a 4500
001 000026517
005 20240409073641.0
008 110322t1938 dr 011 0dspa d
040 _aDO-SdBNP
_bspa
_cBNPHU
082 _a923.17293
_bT866p
245 0 0 _aPensamientos a Trujillo :
_bcontenidos en el album dedicado al generalísimo Dr. Rafael L. Trujillo, Benefactor de la Patria, el 16 de agosto de 1938.
260 _aSantiago, República Dominicana :
_bl El Diario,
_c1938.
300 _av. ;
_c24 cm.
500 _aLa biblioteca posee el v.1 y 2.
500 _aIncluye índice de personas por provincias.
600 1 0 _aTrujillo Molina, Rafael Leónidas,
_d 1891-1961
_976764
910 _aValidado. Control de calidad EMS.
999 _c26009
_d26009